Bangladesh's external public borrowings and debt servicing capacity : are there reasons for concern? /

Bibliographic Details
Main Authors: Rahman, Mustafizur (Author), Rahman, Mahrab Al (Author), Tasnim, Anika (Author)
Format: Book
Language:English
Published: Dhaka : Centre for Policy Dialogue (CPD), 2024.
Subjects:
Classic Catalogue: View this record in Classic Catalogue
LEADER 01683nam a22003137a 4500
001 44197
003 BD-DhAAL
008 250305t2024 bg ad||| b||| 00| 0 eng d
020 |a 9789849809692 
040 |a BD-DhAAL  |c BD-DhAAL 
082 |a 336.3435095492  |2 23 
100 |a Rahman, Mustafizur,  |e author. 
245 |a Bangladesh's external public borrowings and debt servicing capacity :  |b are there reasons for concern? /  |c Mustafizur Rahman, Mahrab Al Rahman, Anika Tasnim Arpita. 
260 |a Dhaka :  |b Centre for Policy Dialogue (CPD),  |c 2024. 
300 |a xii, 52 pages :  |b illustrations, charts ;  |c 24 cm 
504 |a Includes bibliographical references (pages 45-48). 
541 |a Complimentary copy from Centre for Policy Dialogue (CPD)  |e 44197, 44198 
650 |a Debts, External  |z Bangladesh.  |9 14279 
650 |a Loans. 
650 |a Investments, Foreign. 
650 |a Economic development. 
651 |a Bangladesh  |x Economic policy. 
700 |a Rahman, Mahrab Al,  |e author.  |9 57915 
700 |a Tasnim, Anika,  |e author.  |9 57916 
852 |a Ayesha Abed Library  |c General Stacks 
942 |2 ddc  |c BK 
999 |c 47259  |d 47259 
952 |0 0  |1 0  |2 ddc  |4 0  |6 336_343509549200000_RAH  |7 0  |9 77455  |a BRACUL  |b BRACUL  |c GEN  |d 2025-03-06  |e Complimentary copy from Centre for Policy Dialogue (CPD)  |l 0  |o 336.3435095492 RAH  |p 3010044197  |r 2025-03-06  |t 1  |w 2025-03-06  |y BK  |x Complimentary copy from Centre for Policy Dialogue (CPD) 
952 |0 0  |1 0  |2 ddc  |4 0  |6 336_343509549200000_RAH  |7 0  |9 77456  |a BRACUL  |b BRACUL  |c GEN  |d 2025-03-06  |e Complimentary copy from Centre for Policy Dialogue (CPD)  |l 0  |o 336.3435095492 RAH  |p 3010044198  |r 2025-03-06  |t 2  |w 2025-03-06  |y BK  |x Complimentary copy from Centre for Policy Dialogue (CPD)